Air pollution control engineering

Kaydedildi:
Detaylı Bibliyografya
Yazar:  de Nevers, Noel
Materyal Türü: Sách
Dil:Undetermined
Baskı/Yayın Bilgisi:  McGraw-Hill  2000
Konular:
Etiketler: Etiketle
Etiket eklenmemiş, İlk siz ekleyin!
Thư viện lưu trữ: Trung tâm Thư viện - Trường Đại học Công nghiệp TP. Hồ Chí Minh
LEADER 00468nam a2200157Ia 4500
001 UIH_05343
008 231011s9999 xx 000 0 und d
082 |a  628.53 
100 |a  de Nevers, Noel 
245 0 |a  Air pollution control engineering 
245 0 |c  de Nevers, Noel 
260 |b  McGraw-Hill 
260 |c  2000 
650 |a  Không khí;  
927 |a Sách 
980 |a Trung tâm Thư viện - Trường Đại học Công nghiệp TP. Hồ Chí Minh